000 00856ncm a22003251 4500
001 000065311
003 DO-SdBNP
005 20180223094155.0
007 000065311
008 011112s1975 sp a nn spa
015 _a
_a
016 7 _a
_z
_2BPMSU
020 _a9501390667
028 3 0 _a
_b
035 _a
040 _aBPMSU
_bspa
_cBPMSU
082 4 _aXXX
_bXXX
100 1 0 _aKuhnemann, Ursula
_c
245 1 3 _a Un cumpleaños infantil /
_h
_b
_c Ursula Kuhnemann ; traducción Yolanda k. de Stock
260 _aArgentina;
_bKapelusz,
_c1975.
300 _a 76 p. :
_bil.
_c 22 cm.
490 0 _aCómo hacer
500 _a
650 7 _a
_v
_2
700 1 _aStock, Yolanda K. de
_etrad.
830 0 _a Cómo hacer
942 _2ddc
_cBK
945 _aInventariado, 2018/ YL
956 _aVMATEO
_210
_320160330
_6BPMSU
_80069
999 _c9446
_d9446